Essentials of engineering mathematics ,worked examples and problems (Record no. 568799)

000 -LEADER
fixed length control field 00544nam a22001937a 4500
003 - CONTROL NUMBER IDENTIFIER
control field CEME
005 - DATE AND TIME OF LATEST TRANSACTION
control field 20210628202203.0
008 - FIXED-LENGTH DATA ELEMENTS--GENERAL INFORMATION
fixed length control field 210209b xxu||||| |||| 00| 0 eng d
020 ## - INTERNATIONAL STANDARD BOOK NUMBER
International Standard Book Number 1-58488-489-4
040 ## - CATALOGING SOURCE
Transcribing agency .
082 ## - DEWEY DECIMAL CLASSIFICATION NUMBER
Classification number 510.2462 JEF
100 ## - MAIN ENTRY--PERSONAL NAME
Personal name Jeffrey , Alan
9 (RLIN) 38997
245 ## - TITLE STATEMENT
Title Essentials of engineering mathematics ,worked examples and problems
250 ## - EDITION STATEMENT
Edition statement 2ND
260 ## - PUBLICATION, DISTRIBUTION, ETC.
Place of publication, distribution, etc. NEW YORK
Name of publisher, distributor, etc. CHAPMAN & HALL
Date of publication, distribution, etc. 2004
300 ## - PHYSICAL DESCRIPTION
Extent VII,882P
650 ## - SUBJECT ADDED ENTRY--TOPICAL TERM
Topical term or geographic name entry element ENGINEERING MATHEMATICS-PROBLEMS, EXERCISES ETC.
9 (RLIN) 58649
942 ## - ADDED ENTRY ELEMENTS (KOHA)
Koha item type Book
Source of classification or shelving scheme
Holdings
Withdrawn status Lost status Source of classification or shelving scheme Damaged status Not for loan Permanent Location Current Location Shelving location Date acquired Full call number Barcode Date last seen Price effective from Koha item type Public note
          College of Electrical & Mechanical Engineering (CEME) College of Electrical & Mechanical Engineering (CEME) General Stacks 07/17/2017 510.2462 JEF CEME-40837 06/28/2021 06/28/2021 Book 3.6
© 2023 Central Library, National University of Sciences and Technology. All Rights Reserved.